000 00673nam a2200277Ia 4500
005 20260324143522.0
008 008 260324s9999 xx 000 0 eng d
020 _a9780203052396
037 _aEBOOK
040 _aCRL
040 _beng
040 _cCRL
041 _2eng
041 _aeng
084 _qCRL
100 _aShawn M. Glynn; Bruce K. Britton; Russell H. Yeany
_91215924
245 4 _aThe Psychology of Learning Science
260 _bTaylor and Francis
260 _c1991
365 _a
365 _b230
856 _uhttp://www.taylorfrancis.com/books/9780203052396
942 _cEBOOK
999 _c1821433
_d1821433